Ballroom bonanza : (Record no. 2005)

MARC details
000 -LEADER
fixed length control field 01528nam a22003851a 4500
001 - CONTROL NUMBER
control field 2005
003 - CONTROL NUMBER IDENTIFIER
control field FISKH
005 - DATE AND TIME OF LATEST TRANSACTION
control field 20241127083649.0
008 - FIXED-LENGTH DATA ELEMENTS--GENERAL INFORMATION
fixed length control field 100120s2010 nyua j 000|f eng|d
015 ## - NATIONAL BIBLIOGRAPHY NUMBER
National bibliography number GBB009350
Source bnb
016 7# - NATIONAL BIBLIOGRAPHIC AGENCY CONTROL NUMBER
Record control number 015473670
Source Uk
020 ## - INTERNATIONAL STANDARD BOOK NUMBER
International Standard Book Number 9780810988439 (pbk.) :
020 ## - INTERNATIONAL STANDARD BOOK NUMBER
International Standard Book Number 0810988437 (pbk.) :
040 ## - CATALOGING SOURCE
Original cataloging agency StDuBDS
Language of cataloging eng
Transcribing agency StDuBDS
Modifying agency Uk
042 ## - AUTHENTICATION CODE
Authentication code ukblsr
050 ## - LIBRARY OF CONGRESS CALL NUMBER
Classification number PZ8.H24316
082 04 - DEWEY DECIMAL CLASSIFICATION NUMBER
Classification number 823.92
Edition number 22
100 1# - MAIN ENTRY--PERSONAL NAME
Personal name Harris, Stephen,
Dates associated with a name 1959-
245 10 - TITLE STATEMENT
Title Ballroom bonanza :
Remainder of title a hidden pictures ABC book /
Statement of responsibility, etc. by Stephen Harris ; illustrated by Nina Rycroft.
260 ## - PUBLICATION, DISTRIBUTION, ETC.
Place of publication, distribution, etc. New York ;
Name of publisher, distributor, etc. Abrams Books,
Date of publication, distribution, etc. 2010.
300 ## - PHYSICAL DESCRIPTION
Extent 40 unnumbered pages :
Other physical details color illustrations ;
Dimensions 31 cm
505 ## - FORMATTED CONTENTS NOTE
Formatted contents note G<br/>
520 ## - SUMMARY, ETC.
Summary, etc. Animals from alpacas to zebras gather in Blackpool for the annual dance competition, while the monkeys hide twenty-six musical instruments for which the reader is invited to search in the illustrations.
521 8# - TARGET AUDIENCE NOTE
Target audience note 380<br/>
Source Lexile estimate <br/>
521 8# - TARGET AUDIENCE NOTE
Target audience note G<br/>
Source Raz-Plus<br/>
650 #0 - SUBJECT ADDED ENTRY--TOPICAL TERM
Topical term or geographic name entry element Dance
Form subdivision Pictorial works
-- Juvenile fiction.
650 #0 - SUBJECT ADDED ENTRY--TOPICAL TERM
Topical term or geographic name entry element Balls (Parties)
Form subdivision Pictorial works
-- Juvenile fiction.
650 #0 - SUBJECT ADDED ENTRY--TOPICAL TERM
Topical term or geographic name entry element Animals
Form subdivision Pictorial works
-- Juvenile fiction.
650 #0 - SUBJECT ADDED ENTRY--TOPICAL TERM
Topical term or geographic name entry element Picture puzzles
Form subdivision Juvenile literature.
650 #0 - SUBJECT ADDED ENTRY--TOPICAL TERM
Topical term or geographic name entry element English language
General subdivision Alphabet
Form subdivision Pictorial works
-- Juvenile literature.
650 #0 - SUBJECT ADDED ENTRY--TOPICAL TERM
Topical term or geographic name entry element Counting
Form subdivision Pictorial works
-- Juvenile literature.
655 #7 - INDEX TERM--GENRE/FORM
Genre/form data or focus term Children's stories
Form subdivision Pictorial works.
Source of term gsafd
700 1# - ADDED ENTRY--PERSONAL NAME
Personal name Rycroft, Nina.
Relator term illustrator
942 ## - ADDED ENTRY ELEMENTS (KOHA)
Source of classification or shelving scheme Dewey Decimal Classification
Koha item type Books
Suppress in OPAC No
Holdings
Withdrawn status Lost status Source of classification or shelving scheme Damaged status Not for loan Collection Home library Current library Shelving location Date acquired Total Checkouts Full call number Barcode Date last seen Date last checked out Price effective from Koha item type
    Dewey Decimal Classification     Fiction Footprints International School Library Network Toul Kork Campus Footprints International School Library Network Toul Kork Campus TK Primary Library Room(4th Floor), Bookcase 1&2, Shelves 1-16, Dark Blue Books 10/25/2023 2 HAR 823.92 PZ8.H24316 FISBK06127 09/03/2025 08/27/2025 10/25/2023 Books